00385nam a2200121Ia 4500008004100000082001900041100002600060245004300086260004100129300001000170630002800180650005500208211109s9999||||xx |||||||||||||| ||und|| a591.782bGRZ-A aGrzimek, Bernhard H C 0aAnimal Life Encyclopedia Vol6 Reptiles bVan Nostrand ReinholdaNewyorkc1978 a589p. xPost Graduate Reference aSciencevsSpecific topic in natural historyZoology